Sąsiedzi Rumunii - Statystyki

Ogólne statystyki
  • Ten quiz został rozwiązany 26 razy
  • Średni wynik to 5 z 5
Statystyki odpowiedzi
Kraj % Poprawnych
Mołdawia
100%
Bułgaria
96%
Węgry
96%
Ukraina
92%
Serbia
88%
Nie znaleziono quizów pasujących do podanych kryteriów
Rozkład punktacji
Procent ludzi z każdym wynikiem
Percentyl według liczby udzielonych odpowiedzi
Twoja historia wyników
Nie rozwiązałeś tego quizu